El sistema social

Saved in:
Bibliografiske detaljer
Hovedforfatter: Parsons, Talcott (autor)
Format: Bog
Sprog:spansk
Udgivet: Madrid Alianza 1988
Serier:Alianza Universidad, 326
Fag:
Tags: Tilføj Tag
Ingen Tags, Vær først til at tagge denne postø!

MARC

LEADER 00000nam a2200000 a 4500
001 UCW3927
003 CL-VaPUC
008 890606e19880000SP |||||||||||||||||spa|d
082 0 4 |a 301  |b PAR  |2 21 
100 |a Parsons, Talcott  |e autor  |9 880793 
245 1 3 |a El sistema social 
300 |a 528 p 
942 |c BK 
945 |d 19890606 00:00:00 
260 |a Madrid  |b Alianza  |c 1988 
650 0 |a Sistemas sociales  |9 308361 
650 0 |a Relaciones humanas  |9 307340 
650 0 |a Sociología   |9 255410 
583 |a last modification  |c 19890606 00:00:00  |k Rodrigo Vera 
490 0 |a Alianza Universidad, 326 
999 |c 217779  |d 217777 
952 |0 0  |1 0  |4 0  |6 301_000000000000000_PAR_1988  |7 0  |8 A  |9 206198  |a BIBEDU  |b BIBEDU  |d 2019-11-15  |i 2739798  |o 301 PAR 1988  |p 2739798  |r 2019-11-15  |w 2019-11-15  |y BK  |k EDU